| 000 | 00637nam a2200217Ia 4500 | ||
|---|---|---|---|
| 003 | SISC | ||
| 005 | 20160602114653.0 | ||
| 008 | 140321s9999 xx 000 0 und d | ||
| 020 | _a9789381460191 | ||
| 050 |
_aG 155.A1 _b.Si64t 2013 |
||
| 100 | _aSingh, Neelam. | ||
| 245 |
_aHospitality transportation management / _cNeelam Singh. |
||
| 250 | _a1st edition. | ||
| 260 |
_aNew Delhi : _bCentrum Press, _c2013. |
||
| 300 |
_a248 pages ; _c23 cm. |
||
| 500 | _aIncludes bibliographical references and index. | ||
| 650 |
_aTourism _xManagement. |
||
| 650 |
_aTransportation _xManagement. |
||
| 942 |
_kFOR _cBK _2lcc |
||
| 999 |
_c48516 _d48516 |
||